=LDR 00000nam 2200000 4500 =001 000971 =005 20250712020256 =035 ##$$a 0010-0725000850 =007 ta =008 250712################a##########0#ind## =020 ##$$a 978-623-307-708-8 =082 ##$$a 398.209 598 =084 ##$$a 398.209 598 ANA s =100 1#$$a Anand paro =245 1#$$a Seekor singa berkeliaran /$c Paro anand =250 ##$$a Cetakan pertama =260 ##$$a Rawamangun :$b Badan pengembangan dan pembinaan bahasa,$c 2022 =300 ##$$a 32 hlm. : $b Ilus. ; $c 22 cm. =650 #4$$a Cerita anak indonesia-terjemahan =650 #4$$a Literasi-bahan bacaan